Key Figures on the EU in the World
Gespeichert in:
| Körperschaft: | |
|---|---|
| Format: | Buch |
| Sprache: | Englisch |
| Veröffentlicht: |
Luxembourg
Publications Office of the European Union
2025
|
| Ausgabe: | 2025 Edition |
| Schlagworte: | |
| Tags: |
Keine Tags, Fügen Sie das erste Tag hinzu!
|
MARC
| LEADER | 00000nam a2200000 4500 | ||
|---|---|---|---|
| 001 | 0313106 | ||
| 005 | 20251125103954.9 | ||
| 020 | |a 978-92-68-24004-5 | ||
| 020 | |a 978-92-68-24003-8 | ||
| 041 | 0 | |a eng | |
| 044 | |a LU | ||
| 245 | 1 | 0 | |a Key Figures on the EU in the World |
| 250 | |a 2025 Edition | ||
| 264 | 1 | |a Luxembourg |b Publications Office of the European Union |c 2025 | |
| 300 | |a 84 s. | ||
| 610 | 2 | 0 | |a štatistika ekonomická |
| 610 | 2 | 0 | |a porovnanie štatistické medzinárodné |
| 610 | 2 | 0 | |a údaje štatistické medzinárodné |
| 610 | 2 | 0 | |a politika poľnohospodárska |
| 610 | 2 | 0 | |a politika vzdelávania |
| 610 | 2 | 0 | |a politika energetická |
| 610 | 2 | 0 | |a politika zdravotná |
| 610 | 2 | 0 | |a politika populačná |
| 610 | 2 | 0 | |a politika sociálna |
| 610 | 2 | 0 | |a politika dopravná |
| 610 | 2 | 0 | |a obchod medzinárodný |
| 610 | 2 | 0 | |a trh práce |
| 610 | 2 | 0 | |a Európska únia |
| 710 | 2 | |a Eurostat | |